O niektorých otázkach roľníckej politiky na Slovensku

Gespeichert in:
Bibliographische Detailangaben
Format: Buch
Sprache:Slowakisch
Veröffentlicht: Bratislava Oráč 1950
Tags: Tag hinzufügen
Keine Tags, Fügen Sie das erste Tag hinzu!

MARC

LEADER 00000nam a2200000 4500
001 0307621
005 20250313084308.1
041 0 |a slo 
044 |a SK 
245 1 0 |a O niektorých otázkach roľníckej politiky na Slovensku  |c Karol Bacílek 
264 1 |a Bratislava  |b Oráč  |c 1950